000 00362pab a2200145 454500
008 180718b1994 xxu||||| |||| 00| 0 eng d
100 _aChattopadhyay, P.
245 _aObjectives of financial management
260 _c1994
300 _ap.936-37
362 _aDec
650 _aFinancial management system
773 _aManagement Accountant
909 _a26373
999 _c26373
_d26373